<?xml version="1.0" encoding="UTF-8"?>
<record
    xmlns:xsi="http://www.w3.org/2001/XMLSchema-instance"
    xsi:schemaLocation="http://www.loc.gov/MARC21/slim http://www.loc.gov/standards/marcxml/schema/MARC21slim.xsd"
    xmlns="http://www.loc.gov/MARC21/slim">

  <leader>00464nam a22001337a 4500</leader>
  <controlfield tag="005">20250807100701.0</controlfield>
  <controlfield tag="008">250807b        |||||||| |||| 00| 0 eng d</controlfield>
  <datafield tag="050" ind1=" " ind2=" ">
    <subfield code="a">THE:RC 119.7.M64 2020</subfield>
  </datafield>
  <datafield tag="100" ind1=" " ind2=" ">
    <subfield code="a">MOGOI ELIJUAH MATIABE</subfield>
  </datafield>
  <datafield tag="245" ind1=" " ind2=" ">
    <subfield code="a">EFFECT OF INTERSTINAL HELMINTHS ON DISEASE SEVERITY AND CYTOKINE RESPONJSE IN CHILDREN AGED 6-14 YEARS INFECTED WITH MALria in kisii county</subfield>
  </datafield>
  <datafield tag="260" ind1=" " ind2=" ">
    <subfield code="a">kenya</subfield>
    <subfield code="b">KISII UNIVERSITY</subfield>
    <subfield code="c">2020</subfield>
  </datafield>
  <datafield tag="300" ind1=" " ind2=" ">
    <subfield code="a">X,104</subfield>
  </datafield>
  <datafield tag="942" ind1=" " ind2=" ">
    <subfield code="2">lcc</subfield>
    <subfield code="c">REF</subfield>
  </datafield>
  <datafield tag="999" ind1=" " ind2=" ">
    <subfield code="c">215993</subfield>
    <subfield code="d">215993</subfield>
  </datafield>
  <datafield tag="952" ind1=" " ind2=" ">
    <subfield code="0">0</subfield>
    <subfield code="1">0</subfield>
    <subfield code="2">lcc</subfield>
    <subfield code="4">0</subfield>
    <subfield code="7">0</subfield>
    <subfield code="8">SC</subfield>
    <subfield code="9">372772</subfield>
    <subfield code="a">KSUL</subfield>
    <subfield code="b">KSUL</subfield>
    <subfield code="c">DISPLAY</subfield>
    <subfield code="d">2025-08-07</subfield>
    <subfield code="i">108003</subfield>
    <subfield code="l">0</subfield>
    <subfield code="o">THE:RC 119.7. M64 2020</subfield>
    <subfield code="p">000000023827</subfield>
    <subfield code="r">2025-08-07 10:08:09</subfield>
    <subfield code="t">1</subfield>
    <subfield code="w">2025-08-07</subfield>
    <subfield code="y">REF</subfield>
  </datafield>
</record>
